Donde las dan... (Record no. 170700)

MARC details
000 -LEADER
campo de control de longitud fija 00713nam a22001695i 4500
001 - NÚMERO DE CONTROL
campo de control 170700
003 - IDENTIFICADOR DE NÚMERO DE CONTROL
campo de control ES-MaACL
005 - FECHA Y HORA DE LA ÚLTIMA TRANSACCIÓN
campo de control 20250717063052.0
008 - DATOS DE LONGITUD FIJA--INFORMACIÓN GENERAL
campo de control de longitud fija 090331s1868 sp |||| | spa d
080 ## - NÚMERO DE LA CLASIFICACIÓN DECIMAL UNIVERSAL
Número de la Clasificación Decimal Universal 821.134.2-2"18"
100 1# - ENTRADA PRINCIPAL--NOMBRE DE PERSONA
Nombre de persona García Balmaseda, Joaquina,
Fechas asociadas al nombre 1837-1911
9 (RLIN) 54217
245 10 - MENCIÓN DEL TÍTULO
Título Donde las dan...
Resto del título : proverbio en un acto y en verso /
Mención de responsabilidad, etc. original de Joaquina García Balmaseda.
260 ## - PUBLICACIÓN, DISTRIBUCIÓN, ETC.
Lugar de publicación, distribución, etc. Madrid :
Nombre del editor, distribuidor, etc. [s.n.],
Fecha de publicación, distribución, etc. 1868 (
Fabricante Est. tip. de Eduardo Cuesta)
300 ## - DESCRIPCIÓN FÍSICA
Extensión 31 p. ;
Dimensiones 19 cm.
852 ## - LOCALIZACIÓN
Ubicación ES-MaACL
Número de control de estantería F-8554(1)
Nota libre Enc. pasta española- Falto de la cub. original
-- .- Enc. en vol facticio formando parte de la col. facticia "Teatro español moderno", v. 6
Holdings
Estatus retirado Estado de pérdida Estado de daño No para préstamo Colección Biblioteca de origen Biblioteca actual Ubicación en estantería Fecha de adquisición Fuente de adquisición Total de préstamos Signatura topográfica completa Código de barras Visto por última vez Precio de reemplazo Tipo de ítem Koha
        Libros del s. XIX Biblioteca del Ateneo de Madrid Biblioteca del Ateneo de Madrid Sala Pecera Planta 2 31/03/2009     F-8554(1) 1179142 23/02/2023 23/02/2023 Libro impreso antiguo